Where's My Border Gone? (Europe) Quiz Stats

 Plays Quiz Updated Jul 14, 2016

Score 0/20 Timer 05:00
4 Plays Today
% Correct
Spain - France
92.5%
United Kingdom - Ireland
89.8%
Sweden - Finland
86.8%
Belgium - Netherlands
86.6%
Portugal - Spain
85.4%
Denmark - Germany
85.2%
Estonia - Latvia
82.6%
France - Switzerland
82.2%
Ukraine - Romania
80.4%
Switzerland - Austria
75.5%
% Correct
Poland - Czechia
75%
Croatia - Serbia
71.7%
Belarus - Lithuania
70.8%
Bulgaria - Turkey
68.8%
Macedonia - Greece
66.6%
Slovakia - Hungary
64.6%
Bosnia and Herzegovina - Montenegro
58.5%
Norway - Russia
58.3%
Austria - Slovenia
56.4%
Albania - Kosovo
55.1%

You're not logged in!

Compare scores with friends on all Sporcle quizzes.
Join for Free
OR
Log In

You Might Also Like...

Show Comments

Extras

Top Quizzes Today


Score Distribution

Your Account Isn't Verified!

In order to create a playlist on Sporcle, you need to verify the email address you used during registration. Go to your Sporcle Settings to finish the process.

Report this User

Report this user for behavior that violates our Community Guidelines.

Details: